[Event "45th FIDE Chess Olympiad Open"]
[Site "Budapest, Hungary"]
[Date "2024.09.19"]
[Round "8"]
[White "Domingos, Catarino"]
[Black "Vanczak, Tamas"]
[Result "1/2-1/2"]
[Board "144"]
[WhiteFideId "10100253"]
[BlackFideId "759929"]
[WhiteTitle "IM"]
[BlackTitle "IM"]
[WhiteElo "2229"]
[BlackElo "2401"]
[WhiteTeam "Angola"]
[BlackTeam "Hungary C"]
[WhiteClock "0:03:53"]
[BlackClock "0:12:02"]
[Variant "Standard"]

1. Nf3 {[%clk 1:30:40]}  Nf6 {[%clk 1:30:53]} 2. g3 {[%clk 1:30:56]}  d5 {[%clk 1:31:14]} 3. Bg2 {[%clk 1:31:21]}  c6 {[%clk 1:31:36]} 4. c4 {[%clk 1:31:35]}  Bf5 {[%clk 1:31:51]} 5. Qb3 {[%clk 1:30:47]}  Qb6 {[%clk 1:31:45]} 6. O-O {[%clk 1:30:35]}  Nbd7 {[%clk 1:31:27]} 7. d3 {[%clk 1:19:41]}  e6 {[%clk 1:28:57]} 8. Be3 {[%clk 1:16:04]}  Qa6 {[%clk 1:28:12]} 9. cxd5 {[%clk 1:14:39]}  exd5 {[%clk 1:28:15]} 10. h3 {[%clk 1:14:22]}  Bc5 {[%clk 1:21:39]} 11. Bxc5 {[%clk 1:11:56]}  Nxc5 {[%clk 1:22:02]} 12. Qc3 {[%clk 1:11:08]}  Ncd7 {[%clk 1:21:08]} 13. Nh4 {[%clk 1:03:34]}  Be6 {[%clk 1:19:27]} 14. e4 {[%clk 1:02:53]}  dxe4 {[%clk 1:17:12]} 15. dxe4 {[%clk 1:03:21]}  O-O {[%clk 1:16:36]} 16. Nd2 {[%clk 1:01:34]}  Rad8 {[%clk 1:10:07]} 17. Rfe1 {[%clk 0:58:55]}  Qb6 {[%clk 0:58:16]} 18. Rec1 {[%clk 0:51:45]}  Ne5 {[%clk 0:54:40]} 19. Rf1 {[%clk 0:24:02]}  Rd3 {[%clk 0:48:21]} 20. Qxe5 {[%clk 0:24:04]}  Rxd2 {[%clk 0:48:45]} 21. b3 {[%clk 0:20:36]}  Rfd8 {[%clk 0:45:25]} 22. Nf5 {[%clk 0:14:19]}  Bxf5 {[%clk 0:40:37]} 23. Qxf5 {[%clk 0:14:33]}  Qd4 {[%clk 0:36:35]} 24. e5 {[%clk 0:10:12]}  Nd5 {[%clk 0:35:23]} 25. e6 {[%clk 0:09:58]}  fxe6 {[%clk 0:35:35]} 26. Qxe6+ {[%clk 0:10:24]}  Kh8 {[%clk 0:35:55]} 27. Qf7 {[%clk 0:08:54]}  h6 {[%clk 0:22:03]} 28. Rae1 {[%clk 0:08:54]}  Nf6 {[%clk 0:16:22]} 29. Re7 {[%clk 0:08:28]}  Rg8 {[%clk 0:16:48]} 30. Rxb7 {[%clk 0:08:11]}  Rxa2 {[%clk 0:17:06]} 31. Bxc6 {[%clk 0:08:09]}  Rc2 {[%clk 0:12:10]} 32. Bg2 {[%clk 0:08:01]}  a5 {[%clk 0:11:53]} 33. Re7 {[%clk 0:08:03]}  Rc3 {[%clk 0:10:48]} 34. Kh2 {[%clk 0:07:43]}  Rc2 {[%clk 0:11:11]} 35. Kg1 {[%clk 0:07:39]}  Rc3 {[%clk 0:11:29]} 36. Kh2 {[%clk 0:06:14]}  Rc2 {[%clk 0:11:39]} 37. Kg1 {[%clk 0:03:53]}  Rc3 {[%clk 0:12:02]} 1/2-1/2

[Event "45th FIDE Chess Olympiad Open"]
[Site "Budapest, Hungary"]
[Date "2024.09.19"]
[Round "8"]
[White "Bai, Adelard"]
[Black "Gabriel, Davidson"]
[Result "1-0"]
[Board "221"]
[WhiteFideId "16301188"]
[BlackFideId "11901284"]
[WhiteTitle "IM"]
[WhiteElo "2378"]
[BlackElo "2043"]
[WhiteTeam "Chinese Taipei"]
[BlackTeam "Haiti"]
[WhiteClock "0:55:33"]
[BlackClock "0:00:09"]
[Variant "Standard"]

1. d4 {[%clk 1:30:57]}  Nf6 {[%clk 1:30:18]} 2. Nc3 {[%clk 1:31:21]}  d5 {[%clk 1:30:04]} 3. Bf4 {[%clk 1:31:44]}  a6 {[%clk 1:29:00]} 4. e3 {[%clk 1:32:03]}  e6 {[%clk 1:29:10]} 5. Nf3 {[%clk 1:32:14]}  c5 {[%clk 1:28:12]} 6. dxc5 {[%clk 1:29:22]}  Bxc5 {[%clk 1:27:28]} 7. Bd3 {[%clk 1:29:13]}  Nc6 {[%clk 1:21:23]} 8. O-O {[%clk 1:27:34]}  Nb4 {[%clk 1:17:03]} 9. Re1 {[%clk 1:15:18]}  Nxd3 {[%clk 1:15:27]} 10. cxd3 {[%clk 1:12:17]}  O-O {[%clk 1:14:45]} 11. Rc1 {[%clk 1:11:00]}  Bd6 {[%clk 0:48:11]} 12. Bxd6 {[%clk 1:11:00]}  Qxd6 {[%clk 0:48:11]} 13. e4 {[%clk 1:11:00]}  Nd7 {[%clk 0:48:11]} 14. e5 {[%clk 1:11:00]}  Qb4 {[%clk 0:48:11]} 15. Qd2 {[%clk 1:11:00]}  Qa5 {[%clk 0:48:11]} 16. a3 {[%clk 1:11:00]}  Qd8 {[%clk 0:48:11]} 17. Na4 {[%clk 1:11:00]}  f6 {[%clk 0:48:11]} 18. exf6 {[%clk 1:11:00]}  Rxf6 {[%clk 0:48:11]} 19. d4 {[%clk 1:11:00]}  Nf8 {[%clk 0:48:11]} 20. Ne5 {[%clk 1:11:00]}  Bd7 {[%clk 0:48:11]} 21. Nc5 {[%clk 1:11:00]}  b6 {[%clk 0:48:11]} 22. Nexd7 {[%clk 1:11:00]}  Nxd7 {[%clk 0:48:11]} 23. Nxe6 {[%clk 1:11:00]}  Rxe6 {[%clk 0:48:11]} 24. Rxe6 {[%clk 1:11:00]}  Nf8 {[%clk 0:00:09]} 25. Rec6 {[%clk 0:55:33]} 1-0

[Event "45th FIDE Chess Olympiad Open"]
[Site "Budapest, Hungary"]
[Date "2024.09.19"]
[Round "8"]
[White "Prasad, Rudr"]
[Black "Carpenter, Paul A"]
[Result "1-0"]
[Board "310"]
[WhiteFideId "11401095"]
[BlackFideId "408930"]
[WhiteTitle "CM"]
[WhiteElo "1777"]
[BlackElo "1985"]
[WhiteTeam "Fiji"]
[BlackTeam "Jersey"]
[WhiteClock "0:27:22"]
[BlackClock "0:01:12"]
[Variant "Standard"]

1. d4 {[%clk 1:30:55]}  d6 {[%clk 1:30:50]} 2. c4 {[%clk 1:31:09]}  Nf6 {[%clk 1:30:47]} 3. g3 {[%clk 1:31:33]}  c6 {[%clk 1:30:55]} 4. Bg2 {[%clk 1:31:59]}  Nbd7 {[%clk 1:31:09]} 5. Nf3 {[%clk 1:31:54]}  Qc7 {[%clk 1:31:01]} 6. O-O {[%clk 1:32:03]}  e5 {[%clk 1:30:53]} 7. dxe5 {[%clk 1:32:07]}  dxe5 {[%clk 1:30:20]} 8. Nc3 {[%clk 1:31:58]}  Be7 {[%clk 1:28:41]} 9. Qc2 {[%clk 1:30:51]}  O-O {[%clk 1:26:43]} 10. Rd1 {[%clk 1:30:10]}  Re8 {[%clk 1:25:34]} 11. Rb1 {[%clk 1:28:45]}  Nb6 {[%clk 1:18:12]} 12. b3 {[%clk 1:24:49]}  Bg4 {[%clk 1:17:45]} 13. Bb2 {[%clk 1:23:54]}  Bh5 {[%clk 1:14:29]} 14. Nh4 {[%clk 1:15:22]}  Bc5 {[%clk 0:53:46]} 15. Ne4 {[%clk 1:11:39]}  Nxe4 {[%clk 0:52:17]} 16. Bxe4 {[%clk 1:11:27]}  Bg6 {[%clk 0:49:31]} 17. Nxg6 {[%clk 1:10:51]}  hxg6 {[%clk 0:49:47]} 18. Bg2 {[%clk 1:05:57]}  Nd7 {[%clk 0:45:21]} 19. a3 {[%clk 1:04:14]}  a5 {[%clk 0:42:16]} 20. b4 {[%clk 0:57:39]}  axb4 {[%clk 0:17:48]} 21. axb4 {[%clk 0:58:00]}  Bxb4 {[%clk 0:17:09]} 22. Bxe5 {[%clk 0:58:07]}  Rxe5 {[%clk 0:12:10]} 23. Rxb4 {[%clk 0:58:18]}  Rae8 {[%clk 0:12:21]} 24. e3 {[%clk 0:55:18]}  Nc5 {[%clk 0:12:03]} 25. Qb2 {[%clk 0:50:50]}  Qe7 {[%clk 0:09:16]} 26. Qd4 {[%clk 0:39:40]}  Qf6 {[%clk 0:06:37]} 27. f4 {[%clk 0:30:04]}  Rxe3 {[%clk 0:03:50]} 28. Qxc5 {[%clk 0:30:14]}  Re1+ {[%clk 0:03:33]} 29. Rxe1 {[%clk 0:30:11]}  Rxe1+ {[%clk 0:03:56]} 30. Bf1 {[%clk 0:29:04]}  Qa1 {[%clk 0:01:52]} 31. Qf2 {[%clk 0:28:11]}  b6 {[%clk 0:02:00]} 32. Rxb6 {[%clk 0:27:47]}  Re6 {[%clk 0:00:42]} 33. Rb8+ {[%clk 0:27:41]}  Kh7 {[%clk 0:01:12]} 34. g4 {[%clk 0:27:44]}  g5 {[%clk 0:01:19]} 35. fxg5 {[%clk 0:27:18]}  Kg6 {[%clk 0:01:12]} 36. Qf5# {[%clk 0:27:22]} 1-0

[Event "45th FIDE Chess Olympiad Open"]
[Site "Budapest, Hungary"]
[Date "2024.09.19"]
[Round "8"]
[White "Solomon, Jonathan"]
[Black "Cisse, Amadou Lamine"]
[Result "0-1"]
[Board "340"]
[WhiteFideId "23800178"]
[BlackFideId "19900228"]
[WhiteElo "1536"]
[BlackElo "1948"]
[WhiteTeam "Antigua and Barbuda"]
[BlackTeam "Senegal"]
[WhiteClock "0:22:27"]
[BlackClock "0:53:43"]
[Variant "Standard"]

1. d4 {[%clk 1:30:58]}  d6 {[%clk 1:29:45]} 2. Bf4 {[%clk 1:31:16]}  Nf6 {[%clk 1:29:32]} 3. e3 {[%clk 1:31:35]}  g6 {[%clk 1:27:17]} 4. Nf3 {[%clk 1:28:54]}  Bg7 {[%clk 1:27:37]} 5. Nbd2 {[%clk 1:29:07]}  Nbd7 {[%clk 1:26:51]} 6. Bd3 {[%clk 1:28:52]}  O-O {[%clk 1:25:04]} 7. O-O {[%clk 1:28:26]}  Re8 {[%clk 1:25:10]} 8. e4 {[%clk 1:25:12]}  e5 {[%clk 1:24:53]} 9. dxe5 {[%clk 1:25:01]}  dxe5 {[%clk 1:25:02]} 10. Be3 {[%clk 1:25:11]}  h6 {[%clk 1:24:57]} 11. h3 {[%clk 1:22:18]}  Qe7 {[%clk 1:21:59]} 12. Re1 {[%clk 1:17:37]}  Nh5 {[%clk 1:19:53]} 13. Nc4 {[%clk 1:05:51]}  Nf4 {[%clk 1:06:06]} 14. Qd2 {[%clk 0:56:52]}  g5 {[%clk 0:57:27]} 15. Rad1 {[%clk 0:48:35]}  Qf6 {[%clk 0:55:59]} 16. b3 {[%clk 0:37:12]}  Nxh3+ {[%clk 0:54:33]} 17. Kh2 {[%clk 0:32:57]}  Nf4 {[%clk 0:54:00]} 18. g3 {[%clk 0:32:25]}  Nxd3 {[%clk 0:54:00]} 19. Kg2 {[%clk 0:22:27]}  Nxe1+ {[%clk 0:53:43]} 0-1

[Event "45th FIDE Chess Olympiad Open"]
[Site "Budapest, Hungary"]
[Date "2024.09.19"]
[Round "8"]
[White "Carbonell, Nicolas"]
[Black "Mimbasa Kutesa, Willy"]
[Result "0-1"]
[Board "346"]
[WhiteFideId "22003266"]
[BlackFideId "21400113"]
[BlackTitle "FM"]
[WhiteElo "1798"]
[BlackElo "1848"]
[WhiteTeam "Burkina Faso"]
[BlackTeam "Democratic Republic of the Congo"]
[WhiteClock "0:16:45"]
[BlackClock "0:43:39"]
[Variant "Standard"]

1. d4 {[%clk 1:28:14]}  d5 {[%clk 1:30:22]} 2. c4 {[%clk 1:28:41]}  e6 {[%clk 1:30:10]} 3. Nc3 {[%clk 1:28:52]}  Nf6 {[%clk 1:30:19]} 4. Nf3 {[%clk 1:29:02]}  c5 {[%clk 1:30:02]} 5. e3 {[%clk 1:27:25]}  Nc6 {[%clk 1:29:54]} 6. Be2 {[%clk 1:26:26]}  Be7 {[%clk 1:29:53]} 7. O-O {[%clk 1:26:22]}  O-O {[%clk 1:30:03]} 8. Ne5 {[%clk 1:21:46]}  Bd7 {[%clk 1:27:04]} 9. Bd2 {[%clk 1:18:50]}  cxd4 {[%clk 1:26:31]} 10. Nxd7 {[%clk 1:16:27]}  Qxd7 {[%clk 1:26:20]} 11. cxd5 {[%clk 1:16:14]}  exd5 {[%clk 1:24:27]} 12. exd4 {[%clk 1:16:03]}  Nxd4 {[%clk 1:24:38]} 13. Bd3 {[%clk 1:15:09]}  a6 {[%clk 1:23:35]} 14. Bg5 {[%clk 1:09:45]}  Rad8 {[%clk 1:19:13]} 15. Bxh7+ {[%clk 1:06:41]}  Kxh7 {[%clk 1:18:42]} 16. Qxd4 {[%clk 1:07:03]}  Rh8 {[%clk 1:16:59]} 17. Rad1 {[%clk 1:04:02]}  Qf5 {[%clk 1:15:46]} 18. Rfe1 {[%clk 1:01:29]}  Qxg5 {[%clk 1:13:34]} 19. Rxe7 {[%clk 1:01:47]}  Ng4 {[%clk 1:07:23]} 20. Qd3+ {[%clk 0:55:04]}  f5 {[%clk 1:02:04]} 21. Rde1 {[%clk 0:39:30]}  d4 {[%clk 1:00:07]} 22. Nd1 {[%clk 0:33:51]}  Rhf8 {[%clk 0:58:31]} 23. Rxb7 {[%clk 0:25:38]}  Rfe8 {[%clk 0:58:08]} 24. Rf1 {[%clk 0:25:03]}  Re6 {[%clk 0:55:45]} 25. Rb4 {[%clk 0:23:48]}  Re4 {[%clk 0:51:29]} 26. f3 {[%clk 0:23:05]}  Ne5 {[%clk 0:48:46]} 27. Qb3 {[%clk 0:20:15]}  Re2 {[%clk 0:46:18]} 28. Nf2 {[%clk 0:18:03]}  d3 {[%clk 0:44:00]} 29. f4 {[%clk 0:16:32]}  Nf3+ {[%clk 0:43:45]} 30. Kh1 {[%clk 0:16:47]}  Qh4 {[%clk 0:43:47]} 31. gxf3 {[%clk 0:16:14]}  Rxf2 {[%clk 0:43:40]} 32. Rxf2 {[%clk 0:16:22]}  Qxf2 {[%clk 0:43:42]} 33. Qd1 {[%clk 0:16:45]}  d2 {[%clk 0:43:39]} 0-1

[Event "45th FIDE Chess Olympiad Open"]
[Site "Budapest, Hungary"]
[Date "2024.09.20"]
[Round "9"]
[White "Gukesh D"]
[Black "Abdusattorov, Nodirbek"]
[Result "1/2-1/2"]
[Board "1"]
[WhiteFideId "46616543"]
[BlackFideId "14204118"]
[WhiteTitle "GM"]
[BlackTitle "GM"]
[WhiteElo "2764"]
[BlackElo "2766"]
[WhiteTeam "India"]
[BlackTeam "Uzbekistan"]
[WhiteClock "0:09:23"]
[BlackClock "0:23:17"]
[Variant "Standard"]

1. e4 {[%clk 1:30:56]}  c5 {[%clk 1:30:46]} 2. Nf3 {[%clk 1:31:19]}  d6 {[%clk 1:30:58]} 3. Nc3 {[%clk 1:31:41]}  Nf6 {[%clk 1:31:05]} 4. d4 {[%clk 1:32:04]}  cxd4 {[%clk 1:31:30]} 5. Nxd4 {[%clk 1:32:29]}  a6 {[%clk 1:31:28]} 6. a4 {[%clk 1:32:52]}  e5 {[%clk 1:31:31]} 7. Nf3 {[%clk 1:33:14]}  Be7 {[%clk 1:31:02]} 8. g3 {[%clk 1:33:35]}  Be6 {[%clk 1:26:11]} 9. Bg2 {[%clk 1:33:28]}  Nc6 {[%clk 1:26:37]} 10. O-O {[%clk 1:24:50]}  O-O {[%clk 1:24:59]} 11. Re1 {[%clk 1:24:21]}  Qc8 {[%clk 1:17:47]} 12. Be3 {[%clk 1:08:14]}  Bd8 {[%clk 1:08:54]} 13. Bg5 {[%clk 0:50:06]}  h6 {[%clk 1:03:26]} 14. Bxf6 {[%clk 0:50:23]}  Bxf6 {[%clk 1:03:52]} 15. Nd5 {[%clk 0:49:07]}  Bd8 {[%clk 1:03:09]} 16. c3 {[%clk 0:48:39]}  Ne7 {[%clk 1:02:27]} 17. Ne3 {[%clk 0:45:31]}  Qd7 {[%clk 0:58:10]} 18. a5 {[%clk 0:43:32]}  Bc7 {[%clk 0:54:27]} 19. Nd2 {[%clk 0:35:08]}  b6 {[%clk 0:47:52]} 20. axb6 {[%clk 0:35:08]}  Bxb6 {[%clk 0:48:21]} 21. Ndc4 {[%clk 0:35:04]}  Bxe3 {[%clk 0:36:18]} 22. Nxe3 {[%clk 0:35:21]}  a5 {[%clk 0:36:47]} 23. Bf1 {[%clk 0:28:30]}  Rfb8 {[%clk 0:35:20]} 24. Qd2 {[%clk 0:27:54]}  Qc7 {[%clk 0:29:40]} 25. b4 {[%clk 0:22:16]}  axb4 {[%clk 0:28:39]} 26. cxb4 {[%clk 0:22:34]}  Rxa1 {[%clk 0:27:24]} 27. Rxa1 {[%clk 0:22:58]}  Nc6 {[%clk 0:27:45]} 28. Nc2 {[%clk 0:21:07]}  Na7 {[%clk 0:22:16]} 29. Na3 {[%clk 0:16:07]}  Nc6 {[%clk 0:22:28]} 30. Nc2 {[%clk 0:13:03]}  Na7 {[%clk 0:22:52]} 31. Na3 {[%clk 0:10:05]}  Nc6 {[%clk 0:23:17]} 32. Nc2 {[%clk 0:09:23]} 1/2-1/2

[Event "45th FIDE Chess Olympiad Open"]
[Site "Budapest, Hungary"]
[Date "2024.09.20"]
[Round "9"]
[White "Sindarov, Javokhir"]
[Black "Praggnanandhaa R"]
[Result "1/2-1/2"]
[Board "2"]
[WhiteFideId "14205483"]
[BlackFideId "25059530"]
[WhiteTitle "GM"]
[BlackTitle "GM"]
[WhiteElo "2677"]
[BlackElo "2750"]
[WhiteTeam "Uzbekistan"]
[BlackTeam "India"]
[WhiteClock "0:03:59"]
[BlackClock "0:02:02"]
[Variant "Standard"]

1. e4 {[%clk 1:30:58]}  e6 {[%clk 1:30:38]} 2. d4 {[%clk 1:31:07]}  d5 {[%clk 1:31:02]} 3. e5 {[%clk 1:31:28]}  c5 {[%clk 1:31:26]} 4. c3 {[%clk 1:31:50]}  Nc6 {[%clk 1:31:41]} 5. Nf3 {[%clk 1:32:10]}  Qb6 {[%clk 1:32:05]} 6. a3 {[%clk 1:32:24]}  Bd7 {[%clk 1:31:57]} 7. b4 {[%clk 1:31:07]}  cxd4 {[%clk 1:32:18]} 8. cxd4 {[%clk 1:31:32]}  Rc8 {[%clk 1:32:23]} 9. Be3 {[%clk 1:30:31]}  Nh6 {[%clk 1:32:24]} 10. Bd3 {[%clk 1:29:34]}  Ng4 {[%clk 1:31:46]} 11. Nbd2 {[%clk 1:29:46]}  Be7 {[%clk 1:27:44]} 12. Qe2 {[%clk 1:28:55]}  Nxe3 {[%clk 1:27:41]} 13. fxe3 {[%clk 1:29:21]}  Nb8 {[%clk 1:27:48]} 14. b5 {[%clk 1:29:37]}  Bxa3 {[%clk 1:25:26]} 15. O-O {[%clk 1:29:43]}  Be7 {[%clk 1:25:42]} 16. Rfb1 {[%clk 1:30:10]}  O-O {[%clk 1:18:25]} 17. g4 {[%clk 1:30:28]}  Rc3 {[%clk 1:10:32]} 18. g5 {[%clk 1:30:28]}  Rfc8 {[%clk 1:10:12]} 19. h4 {[%clk 1:28:40]}  Be8 {[%clk 1:09:01]} 20. Nh2 {[%clk 1:27:54]}  Nd7 {[%clk 0:59:17]} 21. Ng4 {[%clk 1:27:29]}  Kh8 {[%clk 0:48:41]} 22. Kh1 {[%clk 1:23:14]}  Nf8 {[%clk 0:32:48]} 23. Nf3 {[%clk 1:15:38]}  Ra3 {[%clk 0:29:34]} 24. Rxa3 {[%clk 1:07:31]}  Bxa3 {[%clk 0:30:02]} 25. Nf6 {[%clk 0:58:20]}  Qd8 {[%clk 0:28:21]} 26. Nh2 {[%clk 0:32:59]}  Be7 {[%clk 0:09:01]} 27. Rf1 {[%clk 0:26:34]}  Rc3 {[%clk 0:09:03]} 28. Nhg4 {[%clk 0:09:36]}  Qc8 {[%clk 0:08:37]} 29. Nxe8 {[%clk 0:08:45]}  Qxe8 {[%clk 0:09:04]} 30. Kg2 {[%clk 0:07:36]}  Ba3 {[%clk 0:05:45]} 31. Kh3 {[%clk 0:07:26]}  Qe7 {[%clk 0:05:12]} 32. Rf3 {[%clk 0:07:02]}  Kg8 {[%clk 0:03:30]} 33. Rg3 {[%clk 0:05:40]}  Kh8 {[%clk 0:03:27]} 34. Rf3 {[%clk 0:06:04]}  Kg8 {[%clk 0:03:54]} 35. Rg3 {[%clk 0:05:46]}  Kh8 {[%clk 0:01:36]} 36. Rf3 {[%clk 0:03:59]}  Kg8 {[%clk 0:02:02]} 1/2-1/2

[Event "45th FIDE Chess Olympiad Open"]
[Site "Budapest, Hungary"]
[Date "2024.09.20"]
[Round "9"]
[White "Erigaisi Arjun"]
[Black "Vokhidov, Shamsiddin"]
[Result "1/2-1/2"]
[Board "3"]
[WhiteFideId "35009192"]
[BlackFideId "14204223"]
[WhiteTitle "GM"]
[BlackTitle "GM"]
[WhiteElo "2778"]
[BlackElo "2650"]
[WhiteTeam "India"]
[BlackTeam "Uzbekistan"]
[WhiteClock "0:10:24"]
[BlackClock "0:08:52"]
[Variant "Standard"]

1. e4 {[%clk 1:30:57]}  e5 {[%clk 1:30:47]} 2. Nf3 {[%clk 1:31:19]}  Nc6 {[%clk 1:31:11]} 3. Bb5 {[%clk 1:31:43]}  Nf6 {[%clk 1:31:16]} 4. O-O {[%clk 1:32:05]}  Nxe4 {[%clk 1:31:41]} 5. d4 {[%clk 1:32:30]}  Nd6 {[%clk 1:32:05]} 6. Ba4 {[%clk 1:32:55]}  e4 {[%clk 1:26:10]} 7. Re1 {[%clk 1:33:08]}  Be7 {[%clk 1:26:36]} 8. Ne5 {[%clk 1:33:33]}  O-O {[%clk 1:27:01]} 9. Nc3 {[%clk 1:33:58]}  Nf5 {[%clk 1:20:47]} 10. Rxe4 {[%clk 1:33:13]}  Nxe5 {[%clk 1:20:21]} 11. dxe5 {[%clk 1:33:35]}  d6 {[%clk 1:20:12]} 12. Bf4 {[%clk 1:33:58]}  c6 {[%clk 1:11:22]} 13. exd6 {[%clk 1:27:30]}  Bxd6 {[%clk 1:11:49]} 14. Bxd6 {[%clk 1:18:50]}  Qxd6 {[%clk 1:11:27]} 15. Bb3 {[%clk 1:19:14]}  Qc7 {[%clk 1:00:17]} 16. Qh5 {[%clk 0:56:13]}  Bd7 {[%clk 0:55:51]} 17. Rae1 {[%clk 0:56:23]}  Rad8 {[%clk 0:45:55]} 18. g4 {[%clk 0:27:29]}  Nd6 {[%clk 0:41:50]} 19. Rd4 {[%clk 0:27:40]}  Bc8 {[%clk 0:30:24]} 20. Red1 {[%clk 0:22:18]}  Rd7 {[%clk 0:30:41]} 21. R1d3 {[%clk 0:17:11]}  Ne8 {[%clk 0:25:16]} 22. Rxd7 {[%clk 0:16:07]}  Bxd7 {[%clk 0:25:44]} 23. Ne4 {[%clk 0:16:35]}  h6 {[%clk 0:17:50]} 24. Qg6 {[%clk 0:07:13]}  c5 {[%clk 0:10:52]} 25. Nxc5 {[%clk 0:06:02]}  Bxg4 {[%clk 0:10:38]} 26. Qxg4 {[%clk 0:05:06]}  Qxc5 {[%clk 0:11:06]} 27. Qd4 {[%clk 0:05:34]}  Qa5 {[%clk 0:07:11]} 28. Rg3 {[%clk 0:03:24]}  b6 {[%clk 0:07:08]} 29. Kg2 {[%clk 0:02:24]}  Qf5 {[%clk 0:06:25]} 30. Qg4 {[%clk 0:02:28]}  Qf6 {[%clk 0:04:30]} 31. c3 {[%clk 0:02:56]}  Nd6 {[%clk 0:04:18]} 32. Rf3 {[%clk 0:03:25]}  Qe7 {[%clk 0:04:32]} 33. Qf4 {[%clk 0:03:16]}  Rd8 {[%clk 0:02:40]} 34. Bd5 {[%clk 0:03:26]}  Kf8 {[%clk 0:02:27]} 35. c4 {[%clk 0:03:31]}  Rc8 {[%clk 0:02:13]} 36. h4 {[%clk 0:02:56]}  Rc7 {[%clk 0:02:06]} 37. b3 {[%clk 0:02:35]}  Ne8 {[%clk 0:01:31]} 38. Re3 {[%clk 0:02:14]}  Qd8 {[%clk 0:01:57]} 39. Rd3 {[%clk 0:01:38]}  Nf6 {[%clk 0:00:55]} 40. Be4 {[%clk 0:00:43]}  Qe7 {[%clk 0:00:47]} 41. Bf3 {[%clk 0:01:00]}  Rc8 {[%clk 0:30:14]} 42. Kf1 {[%clk 0:27:48]}  Kg8 {[%clk 0:26:49]} 43. Qd6 {[%clk 0:27:26]}  Kf8 {[%clk 0:27:02]} 44. Qxe7+ {[%clk 0:22:26]}  Kxe7 {[%clk 0:27:27]} 45. Be2 {[%clk 0:22:52]}  a5 {[%clk 0:26:18]} 46. a3 {[%clk 0:21:37]}  Rc7 {[%clk 0:25:44]} 47. Ke1 {[%clk 0:20:08]}  Rc5 {[%clk 0:22:24]} 48. Re3+ {[%clk 0:19:05]}  Kd7 {[%clk 0:22:06]} 49. b4 {[%clk 0:17:07]}  Rf5 {[%clk 0:21:36]} 50. Rd3+ {[%clk 0:15:16]}  Kc7 {[%clk 0:21:39]} 51. Rd4 {[%clk 0:13:26]}  g5 {[%clk 0:21:23]} 52. hxg5 {[%clk 0:13:50]}  hxg5 {[%clk 0:21:50]} 53. f3 {[%clk 0:13:42]}  Nd7 {[%clk 0:21:44]} 54. Kf2 {[%clk 0:12:30]}  axb4 {[%clk 0:20:03]} 55. axb4 {[%clk 0:12:55]}  Ne5 {[%clk 0:20:03]} 56. Re4 {[%clk 0:12:46]}  Nc6 {[%clk 0:18:37]} 57. b5 {[%clk 0:13:08]}  Ne5 {[%clk 0:18:43]} 58. Ke3 {[%clk 0:10:56]}  Ng6 {[%clk 0:17:32]} 59. Rd4 {[%clk 0:09:34]}  Re5+ {[%clk 0:17:09]} 60. Kf2 {[%clk 0:09:58]}  Nf4 {[%clk 0:17:20]} 61. Bf1 {[%clk 0:10:24]}  Re8 {[%clk 0:17:06]} 62. Rd1 {[%clk 0:10:27]}  Ra8 {[%clk 0:14:25]} 63. Re1 {[%clk 0:10:29]}  Ra2+ {[%clk 0:13:33]} 64. Kg1 {[%clk 0:10:53]}  Ng6 {[%clk 0:11:44]} 65. Bd3 {[%clk 0:10:00]}  Nf4 {[%clk 0:09:29]} 66. Bf1 {[%clk 0:10:23]}  Rd2 {[%clk 0:09:23]} 67. Re7+ {[%clk 0:09:46]}  Rd7 {[%clk 0:09:44]} 68. Re5 {[%clk 0:09:43]}  f6 {[%clk 0:09:52]} 69. Rf5 {[%clk 0:10:03]}  Rd6 {[%clk 0:08:52]} 70. c5 {[%clk 0:10:24]} 1/2-1/2

[Event "45th FIDE Chess Olympiad Open"]
[Site "Budapest, Hungary"]
[Date "2024.09.20"]
[Round "9"]
[White "Vakhidov, Jakhongir"]
[Black "Vidit, Santosh Gujrathi"]
[Result "1/2-1/2"]
[Board "4"]
[WhiteFideId "14201801"]
[BlackFideId "5029465"]
[WhiteTitle "GM"]
[BlackTitle "GM"]
[WhiteElo "2571"]
[BlackElo "2720"]
[WhiteTeam "Uzbekistan"]
[BlackTeam "India"]
[WhiteClock "1:35:28"]
[BlackClock "1:21:34"]
[Variant "Standard"]

1. c4 {[%clk 1:30:50]}  c6 {[%clk 1:29:48]} 2. Nc3 {[%clk 1:29:32]}  d5 {[%clk 1:29:44]} 3. d4 {[%clk 1:29:56]}  Nf6 {[%clk 1:29:54]} 4. cxd5 {[%clk 1:30:08]}  cxd5 {[%clk 1:30:17]} 5. Bf4 {[%clk 1:30:33]}  Nc6 {[%clk 1:30:27]} 6. e3 {[%clk 1:30:45]}  Bf5 {[%clk 1:30:30]} 7. Qb3 {[%clk 1:30:52]}  Na5 {[%clk 1:30:09]} 8. Qa4+ {[%clk 1:31:15]}  Bd7 {[%clk 1:30:28]} 9. Qc2 {[%clk 1:31:39]}  Rc8 {[%clk 1:29:56]} 10. Bd3 {[%clk 1:30:21]}  e6 {[%clk 1:30:16]} 11. Nf3 {[%clk 1:30:41]}  Bb4 {[%clk 1:30:18]} 12. O-O {[%clk 1:30:57]}  O-O {[%clk 1:29:44]} 13. a3 {[%clk 1:31:15]}  Bxc3 {[%clk 1:29:28]} 14. bxc3 {[%clk 1:31:39]}  Ne4 {[%clk 1:26:20]} 15. Bxe4 {[%clk 1:32:03]}  dxe4 {[%clk 1:26:42]} 16. Qxe4 {[%clk 1:32:28]}  Rxc3 {[%clk 1:26:16]} 17. Bd6 {[%clk 1:32:47]}  Re8 {[%clk 1:25:56]} 18. Bb4 {[%clk 1:33:11]}  Rc8 {[%clk 1:26:00]} 19. Bxa5 {[%clk 1:33:35]}  Qxa5 {[%clk 1:26:25]} 20. Qxb7 {[%clk 1:33:58]}  Bc6 {[%clk 1:26:44]} 21. Qb4 {[%clk 1:34:03]}  Qh5 {[%clk 1:26:25]} 22. Ne5 {[%clk 1:33:18]}  Bxg2 {[%clk 1:25:23]} 23. Kxg2 {[%clk 1:33:40]}  f6 {[%clk 1:25:49]} 24. Qd6 {[%clk 1:33:55]}  Rcd8 {[%clk 1:22:48]} 25. Qc7 {[%clk 1:34:14]}  Rc8 {[%clk 1:22:02]} 26. Qd6 {[%clk 1:34:39]}  Rcd8 {[%clk 1:22:24]} 27. Qc7 {[%clk 1:35:03]}  Rc8 {[%clk 1:22:49]} 28. Qd6 {[%clk 1:35:28]}  Rcd8 {[%clk 1:21:34]} 1/2-1/2